Managerial accounting

Guardat en:
Dades bibliogràfiques
Autor principal: WHITECOTTON, Stacey Libby, Robert Phillips, Fred
Format: Llibre
Idioma:anglès
Publicat: McGrraw Hill Education 2020
Etiquetes: Afegir etiqueta
Sense etiquetes, Sigues el primer a etiquetar aquest registre!

MARC

LEADER 00000nam a22000007a 4500
008 230926b |||||||| |||| 00| 0 eng d
020 |a 9781260565447 
100 |a WHITECOTTON, Stacey  |a Libby, Robert  |a Phillips, Fred 
245 |a Managerial accounting  |c Stacey Whitecotton, Robert Libby, Fred Phillips  |g xxv, 641p 
250 |b 4th 
260 |b McGrraw Hill Education  |c 2020  |h New York  |i 700548  |i 700549  |l HF5635.W58  |m Managerial accounting 
500 |a it includes index 
942 |a lcc  |c BK  |e Johnson  |f 26/09/24 
952 |0 0  |1 0  |2 lcc  |4 0  |6 HF5635 W58  |7 0  |9 4504  |a MPL  |b HOL  |c GJ  |d 2023-09-26  |l 0  |o HF5635.W58  |p 2023-0425  |r 2023-09-26 00:00:00  |t 700548  |w 2023-09-26  |y BK 
952 |0 0  |1 0  |2 lcc  |4 0  |6 HF5635 W58  |7 0  |9 4505  |a HOL  |b HOL  |c GJ  |d 2023-09-26  |l 0  |o HF5635.W58  |p 2023-0426  |r 2023-09-26 00:00:00  |t 700549  |w 2023-09-26  |y BK 
999 |c 2254  |d 2254